00483nam a2200133Ia 4500008004100000041000800041082001600049245005900065250000600124260004100130300001200171999001900183952014700202210716s2016 xx 000 0 und d aeng a153.94 GMAT aGMAT: ace the bold face 2017.bAce the bold face 2017. a1 aNew DelhibWiley India Pvt Ltdc2016 aviii,78 c195687d195687 00102ddc40708MCAaAIMITbAIMITd2017-03-01eKnowledge Worldg799.00l0o153.94 GMATpMCA15198r2026-05-23 00:00:00v599.25w2021-07-16yBK